| 000 | 01056nam a22002897a 4500 | ||
|---|---|---|---|
| 999 |
_c21444 _d21444 |
||
| 003 | AR-CdUCM | ||
| 008 | 190220b ||||| |||| 00| 0 spa d | ||
| 020 | _a9789972517211 | ||
| 040 |
_aMUNICIPALIDAD PROVINCIAL DEL CUSCO _cBIBLIOTECA MUNICIPAL DEL CUSCO |
||
| 082 |
_a324.630/A49 _bA49 _2Segunda |
||
| 245 |
_aHistoria de las elecciones en el Perú : _bestudios sobre el gobierno representativo / _ceditores, Cristóbal Aljovín de Losada, Sinesio López |
||
| 260 |
_aLima : _bInstituto de Estudios Peruanos, IEP, _c2018. |
||
| 300 |
_a692 páginas ; _bilustraciones, _c23 cm. |
||
| 440 |
_aSerie Estudios Históricos, _n41. _944785 |
||
| 500 | _zIncluye bibliografías e índice. | ||
| 650 |
_aHistoria _944783 |
||
| 650 |
_aSistema electoral _944786 |
||
| 650 |
_aElecciones _91677 |
||
| 650 |
_aPresidentes _91678 |
||
| 650 |
_aDerecho electoral _944787 |
||
| 650 |
_aEnsayos _944788 |
||
| 650 |
_aConferencias _9376 |
||
| 650 |
_aPerú _944789 |
||
| 710 |
_aInstituto de Estudios Peruanos (Lima) _99759 |
||
| 942 |
_2ddc _cLIBROS |
||
| 945 | _aRoel | ||